000 00530nam a22001817a 4500
003 CEME
005 20210628205905.0
008 210208b xxu||||| |||| 00| 0 eng d
020 _a0-07-052114-X
040 _c.
082 _a796 HAN
100 _aHanson, Roseann.Beggy Hanson, Jonathan
_977403
245 _aGuide to outdoor sports
260 _aNEWYORK
_bMCGRAW HILL
_c1997
300 _a338P
650 _aMOUNTAIN BIKING CLIMBING CANCEING SEA KAYAKING BACKPACKING DAYHIKING OUTDOOR RECREATION
_977404
942 _cBK
_2ddc
999 _c582675
_d582675